L'entreprise et les syndicats

Saved in:
Bibliographic Details
Main Author: Thomazeau, Y.
Format: Book
Language:French
Published: France : Presses universitaires de France, 1977
Series:PUF formation
Subjects:
Tags: Add Tag
No Tags, Be the first to tag this record!

MARC

LEADER 00000nam a2200000 i 4500
001 1/20539
008 960705s fre d
035 |l 10021566 
040 |a GR-MY-UA  |b gre  |e aacr 
041 0 |a fre 
082 0 |a 331.880944 
100 1 |a Thomazeau, Y. 
245 1 0 |a L'entreprise et les syndicats /  |c Yves Thomazeau 
260 |a France :   |b Presses universitaires de France,   |c 1977 
300 |a 132 p. 
490 1 |a PUF formation 
500 |a Includes bibliography 
650 0 0 |a Labor unions  |z France. 
650 0 0 |a Shop steawards  |z France. 
650 0 0 |a Works councils  |z France. 
830 0 |a PUF formation 
852 |a INST  |b CHIOS  |e 19960705  |h 331.880944 THO  |p 005200002600  |q 005200002600  |t BK  |y 0 
909 |a Χ  |b 011018